00334nam a22000977a 4500008004100000082002100041245006500062260007600127300000800203440002500211230627b xxu||||| |||| 00| 0 eng d a338.17bKEN 1999 aImpact Assesment of the WEDCO Enterprise Development Project aNairobibInstitute for Development Studies, University of Nairobic1999 a70p n68pOccasional Paper